Loading...
| Science - Other Science | 0 | 4 | 0 | 0 | 40 | 108 | 126.00 | 1 | 4 |
| Science - Chemistry | 0 | 2 | 0 | 2 | 20 | 125 | 133.00 | 0 | 2 |
| History - American History | 0 | 1 | 0 | 1 | 10 | 115 | 115.00 | 0 | 1 |
| History - World History | 0 | 1 | 0 | 0 | 10 | 111 | 111.00 | 0 | 1 |
| Pop Culture | 0 | 1 | 0 | 0 | 10 | 140 | 140.00 | 0 | 1 |
| Religion | 0 | 1 | 0 | 0 | 10 | 124 | 124.00 | 0 | 1 |
| Science - Biology | 0 | 1 | 0 | 0 | 10 | 92 | 92.00 | 0 | 1 |
| Fine Arts - Auditory Fine Arts | 0 | 1 | 0 | 0 | 10 | 129 | 129.00 | 0 | 1 |
| Fine Arts - Other Fine Arts | 0 | 1 | 0 | 1 | 10 | 133 | 133.00 | 0 | 1 |
| Literature - American Literature | 0 | 1 | 1 | 0 | 5 | 150 | 150.00 | 0 | 1 |
| Social Science | 0 | 0 | 0 | 0 | 0 | 0.00 | 0 | 0 | |
| Literature - World Literature | 0 | 0 | 1 | 0 | -5 | 0.00 | 0 | 0 |